000 00719nam a2200181 i 4500
001 46592
003 ES-MaACL
005 20230906161420.0
007 t|
008 030331s1966 sp f |||| | spa d
111 2 _aCongreso Nacional de Medicina Interna (
_n7º.
_d1966.
_cPamplona)
_9544
245 1 0 _aFibrosis y enfisema pulmonar... tiroides
_b: ponencias y resúmenes de comunicaciones VII Congreso Nacional de Medicina Interna.
260 _a[Madrid :
_bSociedad Española de Medicina Interna,
_c1966]
300 _a348 p., 8 p. de 3 lám., 3 lám ;
_c24 cm.
650 0 4 _aMedicina interna-
_vCongresos y asambleas.
_914926
710 2 _aSociedad Española de Medicina Interna.
_96737
852 _aES-MaACL
_jC-32025
999 _c46592
_d46592